000 00322 a2200145 4500
001 152072
040 _cEscola São Tomás de Aquino
100 _aGOECKS, Rodrigo
240 1 0 _aCabelo bom é o quê?
_lpor
245 1 0 _aCabelo bom é o quê?
300 _a23
362 0 _a2016
697 _aPsicologia
942 _cBK
999 _c152072
_d152072